Vybrané časti stavebno-technologickej prípravy stavieb

Gespeichert in:
Bibliographische Detailangaben
1. Verfasser: Sedláková, Nikola (Verfasst von)
Weitere Verfasser: Antošová, Naďa (Betreuung Doktorarbeit)
Format: Manuskript Buch
Sprache:Slowakisch
Veröffentlicht: 2019
Schlagworte:
Online-Zugang:http://is.stuba.sk/zp/portal_zp.pl?podrobnosti=145283
https://opac.crzp.sk/?fn=detailBiblioForm&sid=9F8942B94996237AA8F91EF666DC
Tags: Tag hinzufügen
Keine Tags, Fügen Sie das erste Tag hinzu!

MARC

LEADER 00000ntm a22000003a 4500
001 stuzp73477
003 SK-STU
005 20230609095918.4
007 ta
008 150427s2015----xo-----f-mn---000-0-slo-d
040 |a STU  |b slo 
041 0 |a slo 
100 1 |a Sedláková, Nikola  |u 010270  |k Z4  |4 aut  |U SvF Stavebná fakulta  |T SvF Katedra technológie stavieb  |X 63448  |U V270  |Y 28  |7 63448 
242 0 1 |a Selected parts of construction and technological preparation of building "Polyfunctional complex Rainbow"  |y eng 
245 1 0 |a Vybrané časti stavebno-technologickej prípravy stavieb 
260 |c 2019 
650 4 |a montáž plastových okien  |2 slo 
650 4 |a Polyfunkčný komplex Rainbow  |2 slo 
650 4 |a projekt zariadenia staveniska  |2 slo 
650 4 |a Polyfunctional complex Rainbow  |2 eng 
650 4 |a building-site arrangement project  |2 eng 
650 4 |a instalation plastic windows  |2 eng 
700 1 |a Antošová, Naďa  |u 010270  |k Z1  |4 ths  |U SvF Stavebná fakulta  |T SvF Katedra technológie stavieb  |X 3720  |U V270  |Y 28  |7 A000003720 
856 4 |u http://is.stuba.sk/zp/portal_zp.pl?podrobnosti=145283 
856 4 |u https://opac.crzp.sk/?fn=detailBiblioForm&sid=9F8942B94996237AA8F91EF666DC